00526nam a2200169Ia 4500003000900000008004100009040001600050080001900066100002200085245007600107260003200183300001300215490005600228650004100284650001100325650002000336IN-BaIIA211028s9999 xx 000 0 eng d cIIA Library a535.215.2bSMI aSmith, William V. 4aThe lasercWilliam V. Smith  aNew YorkbMcGraw-Hillc1966 aix,498p. aMcGraw-Hill physical and quantum electronics series aAstronomy and Astrophysics Thesaurus aLasers aLight Coherence